Statistics for Countries where famous people were born, and which country would be if born today

Click here to take the quiz!

General Stats

  • This quiz has been taken 1,403 times
  • The average score is 17 of 26

Answer Stats

HintAnswer% Correct
JesusIsrael
91%
George WashingtonUnited States
91%
George WashingtonBritish Empire
89%
Kim Jong-ilNorth Korea
89%
Ho Chi MinhVietnam
89%
Immanuel KantRussia
83%
Muammar GaddafiLibya
76%
Simón BolívarSpanish Empire
74%
Garry KasparovSoviet Union
72%
Ho Chi MinhFrance
71%
Radovan KaradžićYugoslavia
71%
Nikola TeslaCroatia
68%
Kim Jong-il (officially)Japanese Empire
67%
Nikola TeslaAustrian Empire
63%
Muammar GaddafiItaly
63%
JesusRoman Empire
58%
Simón BolívarVenezuela
57%
HammurabiIraq
56%
Mother TheresaMacedonia
49%
Mother TheresaOttoman Empire
49%
Radovan KaradžićMontenegro
48%
Mobutu Sese SekoDem. Rep. of Congo
45%
HammurabiBabylon
40%
Immanuel KantPrussia
40%
Mobutu Sese SekoBelgium
38%
Garry KasparovAzerbaijan
32%

Score Distribution

Percentile by Number Answered

Percent of People with Each Score

Your Score History

You have not taken this quiz